| 000 | 00355nam a2200145Ia 4500 | ||
|---|---|---|---|
| 008 | 150201s2011 xx 000 0 und d | ||
| 082 |
_a617.632 _bP2011L |
||
| 100 | _aLAKSHMI, S | ||
| 245 | _aPRACTICAL MANUAL OF PROSTHODONTICS | ||
| 250 | _a1ST | ||
| 260 |
_bELSEVIER _aDELHI _c2011 |
||
| 300 | _a1-298 | ||
| 650 | _aPROSTHODONTICS | ||
| 942 |
_2ddc _cBK _026 |
||
| 999 |
_c4697 _d4697 |
||